LEADER 01494nam1-22003491i-450- 001 990005583420403321 005 20050517121040.0 035 $a000558342 035 $aFED01000558342 035 $a(Aleph)000558342FED01 035 $a000558342 100 $a19990604d1972----km-y0itay50------ba 101 0 $aita 105 $af-------00--- 200 1 $aNotizie istoriche delle chiese fiorentine divise nč suoi quartieri$fopera di Giuseppe Richa della Compagnia di Gesų 205 $aRistampa dell'ed. originale : Firenze, 1754-1762 210 $aRoma$cSoc. Multigrafica Editrice$d1972 215 $a10 v., tav.$d25 cm 463 0$1001000558354$12001$a3-4.$eDel quartiere di S.M. Novella$fopera di Giuseppe Richa della Compagnia di Gesų 463 0$1001000558349$12001$a1-2.$eDel quartiere di Santa Croce$fopera di Giuseppe Richa della Compagnia di Gesų 463 0$1001000558372$12001$a9-10.$eDel quartiere di Santo Spirito$fopera di Giuseppe Richa della Compagnia di Gesų 463 0$1001000558358$12001$a5-8.$eDel quartiere di S. Giovanni$fopera di Giuseppe Richa della Compagnia di Gesų 610 0 $aFirenze$aChiese$aStoria 676 $a726.5094551$v21$zita 700 1$aRicha,$bGiuseppe$0215359 801 0$aIT$bUNINA$gRICA$2UNIMARC 901 $aBK 912 $a990005583420403321 952 $a726.5 RIC 1 (1-10)$bST. ARTE 11668$fFLFBC 959 $aFLFBC 996 $aNotizie istoriche delle chiese fiorentine divise nč suoi quartieri$9608134 997 $aUNINA LEADER 01342nam a2200337 i 4500 001 991000738199707536 005 20020507172943.0 008 951020s1980 us ||| | eng 020 $a047105304X 035 $ab10750496-39ule_inst 035 $aLE01301545$9ExL 040 $aDip.to Matematica$beng 082 0 $a519.2 084 $aAMS 60F05 100 1 $aAraujo, Aloisio$0101927 245 14$aThe central limit theorem for real and Banach valued random variables /$cAloisio Araujo, Evarist Giné 260 $aNew York :$bJ. Wiley & Sons,$cc1980 300 $axiv, 233 p. ;$c24 cm. 490 0 $aWiley series in probability and mathematical statistics.$pProbability and mathematical statistics,$x0271-6232 500 $aBibliography: p. 217-227. 500 $aIncludes index 650 0$aBanach spaces 650 0$aCentral limit theorem 650 0$aRandom variables 700 1 $aGiné, Evarist$eauthor$4http://id.loc.gov/vocabulary/relators/aut$0101928 907 $a.b10750496$b23-02-17$c28-06-02 912 $a991000738199707536 945 $aLE013 60F ARA11 (1980)$g1$i2013000038025$lle013$o-$pE0.00$q-$rl$s- $t0$u2$v0$w2$x0$y.i10843462$z28-06-02 996 $aCentral limit theorem for real and Banach valued random variables$91455420 997 $aUNISALENTO 998 $ale013$b01-01-95$cm$da $e-$feng$gus $h4$i1